000 00690nam a2200241 i 4500
003 DO-SdBNP
005 20240408100903.0
007 ta
008 240321s2023 dr ac 001 0dspa d
020 _a9789945932474
040 _aDO-SdBNP
_bspa
_cBNPHU
_erda
082 4 _bR175a
_222
100 _aRamos Miranda, Evelyn,
_eautora
_985082
245 1 0 _aAl filo del vuelo /
_cEvelyn Ramos Miranda
264 1 _aSanto Domingo :
_bEdiciones Enriquillo,
_c2023.
300 _a77 páginas ;
_c21 cm.
336 _2rdacontent
_atexto
_btxt
337 _2rdamedia
_asin mediación
_bn
338 _2rdacarrier
_avolumen
_bnc
590 _aInventariado, 2024/ DG
910 _aDG
942 _2ddc
_cLBS1
999 _c56167
_d56167